Tramway de Montpellier #1 - Statistiques

Statistiques générales
  • Ce quiz a été pris 285 fois
    118 depuis la dernière actualisation
  • Le résultat moyen est 21 sur 31
Statistiques - réponses
Réponse % Correct
Mosson
94%
Odysseum
85%
Comédie
84%
Corum
84%
Gare Saint-Roch
82%
Place Albert 1er - Saint Charles
81%
Antigone
79%
Boutonnet - Cité des Arts
78%
Louis Blanc - Agora de la Danse
78%
Occitanie
76%
Saint-Eloi
76%
Gare Sud de France
74%
Château d'Ô
69%
Mondial 98
69%
Hôpital Lapeyronie
68%
Léon Blum
68%
Place de l'Europe
68%
Port Marianne
63%
Rives du Lez
63%
Stade de la Mosson
62%
Stade Philipidès
62%
Euromédecine
60%
Place de France
60%
Du Guesclin
59%
Malbosc - Domaine d'Ô
59%
Millénaire
56%
Halles de la Paillade
50%
Hauts de Massane
49%
Saint-Paul
46%
Moularès (Hôtel de Ville)
44%
Universités Sciences et Lettres
38%
Aucun quiz correspondant
Distribution des résultats
% des personnes avec chaque résultat
Percentile par nombre de réponses
Votre historique - résultats
Vous n’avez pas pris ce quiz depuis la dernière actualisation